000 00290nam a2200121 i 4500
001 bg
245 0 _aMagnitogidro dinamiceskij metod polucenija elektroenergii.
260 _aWarszawa,
_c1971.
040 _cBPK
041 _apol
942 _cKS
008 s pl f |000 0 pol
999 _c14024
_d14024
856 _uhttp://koha.tu.koszalin.pl/cgi-bin/koha/opac-detail.pl?biblionumber=14024
_yKatalog online BPK